| 000 | 00602nam a2200217 a 4500 | ||
|---|---|---|---|
| 001 | 19560 | ||
| 003 | CO-ViMGA | ||
| 008 | 141112s2004 ck r 000 u spa d | ||
| 020 | _a9586078892 | ||
| 040 |
_aCO-ViMGA _bspa _cCO-ViMGA |
||
| 082 | 0 | 4 | _a616.95 M344e |
| 100 | 1 |
_aMejía Rivera, Orlando _922788 |
|
| 245 | 1 | 0 | _aética y Sida |
| 260 |
_aBogotá : _bSan Pablo; 1995 |
||
| 300 | _a203 p | ||
| 490 | _aética | ||
| 590 | _aForma de adquisición : Premio mincultura - - Precio : 10.400 | ||
| 650 | 1 | 4 | _aENFERMEDADES DE TRANSMISION SEXUAL |
| 650 | 1 | 4 |
_aSIDA - PREVENCION _917155 |
| 942 |
_2ddc _cBK |
||
| 999 |
_c28700 _d28700 |
||